书目信息 |
| 题名: |
语言 言语 交往
|
|
| 作者: | 鲁芩 著 | |
| 分册: | ||
| 出版信息: | 北京 社会科学文献出版社 2004 |
|
| 页数: | 251页 | |
| 开本: | 20cm | |
| 丛书名: | ||
| 单 册: | ||
| 中图分类: | H03 | |
| 科图分类: | ||
| 主题词: | 语用学--理论研究 | |
| 电子资源: | ||
| ISBN: | 7-80190-225-4 | |
| 000 | 00808nam0 2200241 45 | |
| 001 | 0900000009575 | |
| 005 | 20061207152741.56 | |
| 010 | @a7-80190-225-4@dCNY20.00 | |
| 100 | @a20040821d2004 ekmy0chiy0120 ea | |
| 101 | 0 | @achi |
| 102 | @aCN@b110000 | |
| 105 | @ay az 000yy | |
| 200 | 1 | @a语言 言语 交往@Ayu yan yan yu jiao wang@f鲁芩著@FLu Qin Zhu |
| 210 | @a北京@c社会科学文献出版社@d2004 | |
| 215 | @a251页@d20cm | |
| 300 | @a海南省社会科学研究资助课题 | |
| 320 | @a有书目 | |
| 330 | @a本书主要包括:索绪尔结构语言观:现代语言学的基石;利奇语言学:从语义到语用学;语用学与奥斯汀的言语行为论;哈贝马斯:从“经验语用学”到“规范语用学”等十章内容。 | |
| 606 | 0 | @a语用学@x理论研究 |
| 690 | @aH03@v4 | |
| 701 | 0 | @a鲁芩@4著 |
| 801 | 0 | @aCN@bCXYBOOK@c20061207 |
| 905 | @b355684-688@dH03@e46@f5 | |
| 语言 言语 交往/鲁芩著.-北京:社会科学文献出版社,2004 |
| 251页;20cm |
| 海南省社会科学研究资助课题 |
| ISBN 7-80190-225-4:CNY20.00 |
| 本书主要包括:索绪尔结构语言观:现代语言学的基石;利奇语言学:从语义到语用学;语用学与奥斯汀的言语行为论;哈贝马斯:从“经验语用学”到“规范语用学”等十章内容。 |
| ● |
| 相关链接 |
|
|
|
|
正题名:语言 言语 交往
索取号:H03/46
 
预约/预借
| 序号 | 登录号 | 条形码 | 馆藏地/架位号 | 状态 | 备注 |
| 1 | 0355684 | 3556841 | 第二样本阅览室/ [索取号:H03/46] | 在馆 | |
| 2 | 0355685 | 3556850 | 第四借阅区/ [索取号:H03/46] | 在馆 | |
| 3 | 0355686 | 3556869 | 第四借阅区/ [索取号:H03/46] | 在馆 | |
| 4 | 0355687 | 3556878 | 第四借阅区/ [索取号:H03/46] | 在馆 | |
| 5 | 0355688 | 3556887 | 第四借阅区/ [索取号:H03/46] | 在馆 | |
| 6 | 0617158 | 206171587 | 第四借阅区/ [索取号:H03/46] | 在馆 | |
| 7 | 0617159 | 206171596 | 第四借阅区/ [索取号:H03/46] | 在馆 | |
| 8 | 0617160 | 206171603 | 第四借阅区/ [索取号:H03/46] | 在馆 | |
| 9 | 0617161 | 206171612 | 第四借阅区/ [索取号:H03/46] | 在馆 | |
| 10 | 0617162 | 206171621 | 第四借阅区/ [索取号:H03/46] | 在馆 | |
| 11 | 0617163 | 206171630 | 第四借阅区/ [索取号:H03/46] | 在馆 | |
| 12 | 0617164 | 206171649 | 第四借阅区/ [索取号:H03/46] | 在馆 | |
| 13 | 0617165 | 206171658 | 第四借阅区/ [索取号:H03/46] | 在馆 |